000 00681nam a2200205Ia 4500
003 OSt
005 20250829101058.0
008 210210b2001 xxu||||| |||| 00| 0 eng d
040 _cAL
041 _aKannada
082 _aK894.9 PRAM
100 _aPRAHLAD (D V).
_dಪ್ರಹ್ಲಾದ್ (ಡಿ ವಿ)
_9237530
245 _aMuktachanda:Shantinatha Desayi nenapina samputa.
_b ಮುಕ್ತಚಂದ:ಶಾಂತಿನಾಥ ದೇಸಾಯಿ ನೆನಪಿನ ಸಂಪುಟ.
260 _aBengaluru
_bSanchaya
_c2001
300 _aviii,152
650 _aShantinatha Desayi
_9237531
690 _aKannada Criticism
_9237532
906 _a056941
942 _2ddc
_cBK
999 _c104224
_d104224